|
|
|
|
| LEADER |
01077nam a2200241 a 4500 |
| 001 |
3185412 |
| 008 |
090531s1976 enka b 001 0 eng d |
| 010 |
|
|
|a 76377806
|
| 020 |
|
|
|a 0713432187
|
| 040 |
|
|
|a DLC
|c DLC
|d DLC
|
| 082 |
0 |
0 |
|a 301.2/1
|2 18
|
| 100 |
1 |
|
|a Bell, Roger T.
|
| 245 |
1 |
0 |
|a Sociolinguistics :
|b goals, approaches, and problems /
|c Roger T. Bell.
|
| 260 |
|
|
|a London :
|b B. T. Batsford,
|b ST. Martin's Press.
|c 1976.
|
| 300 |
|
|
|a 251 p. :
|b ill. ;
|c 23 cm.
|
| 504 |
|
|
|a Bibliography: p. [229]-243.
|
| 541 |
1 |
|
|e 00013037
|
| 500 |
|
|
|a Includes indexes.
|
| 650 |
|
0 |
|a Sociolinguistics.
|
| 852 |
4 |
|
|a Ayesha Abed Library
|j General shelf
|
| 999 |
|
|
|c 1174
|d 1174
|
| 952 |
|
|
|0 0
|1 0
|2 ddc
|4 1
|6 301_210000000000000_BEL
|7 0
|9 1061
|a BRACUL
|b BRACUL
|c SPS
|d 2009-06-24
|g 0.00
|l 2
|m 5
|o 301.21 BEL
|p 3010013037
|r 2015-04-13
|s 2013-09-15
|t 1
|w 2009-06-24
|y BK
|x No price found in the accession register.
|
| 952 |
|
|
|0 0
|1 0
|2 ddc
|4 1
|6 301_210000000000000_BEL
|7 0
|9 16295
|a BRACUL
|b BRACUL
|c SPS
|d 2011-05-05
|l 1
|m 6
|o 301.21 BEL
|p 3010013036
|r 2014-05-29
|s 2013-07-06
|t 2
|w 2011-05-05
|y BK
|x Price not available in Register
|